000 00911cab a2200217 4500
001 ABS39822
008 090401t1988 xxu||||| |||| 00| 0 eng d
035 _a(Sirsi) u19167
041 _aeng
100 _aPhillips, A.
245 _aConsideration of alternative approaches to Approved Documents
260 _c1988
350 _a0
490 _aArchitect and Surveyor
_v63(7) October 1988, 16-17(2)
520 _aExplains the supplementary role of the Approved Documents in relation to the present Building Regulations . Draws attention to specific points to bear in mind when considering proposals that fall outside Approved Documents guidance and lists basic principles in assessing proposals for compliance with the Building Regulations.
650 _aBUILDING CONTROL
_96222
650 _aLOCAL AUTHORITIES
690 _aBUILDING AND CONSTRUCTION-REGULATIONS
942 _n0
948 _c04/03/1997
999 _c12767
_d12767